000
00325nam a22001457a 4500
003
OSt
020
_a
NA
040
_c
0
082
_2
22
_a
080.
100
_a
Sonam Choden.
245
_a
100 Read made speeches for students /
260
_b
Education Thimphu,
_c
c 2008.
300
_a
IX;201p, ;
_b
NA
_c
24 cm.
942
_2
ddc
_c
DZ
_0
4
999
_c
4626
_d
4626